[Event "BL 0607 SC Bann - SV Mülheim Nord"]
[Site "?"]
[Date "2007.02.25"]
[Round "11.7"]
[White "Kern, Guido"]
[Black "Bunzmann, Dimitri"]
[Result "0-1"]
[BlackElo "2530"]
[EventDate "2007.??.??"]
[PlyCount "120"]
[WhiteElo "2352"]

1. Nf3 d5 2. d4 e6 3. c4 a6 4. cxd5 exd5 5. Nc3 c6 6. Bf4 Bd6 7. Bxd6 Qxd6 8. e3 Ne7 9. Bd3 Bf5 10. O-O O-O 11. Bxf5 Nxf5 12. Qc2 Qe6 13. Na4 Nd7 14. b4 Nd6 15. Nc5 Qe7 16. Rfb1 Rfe8 17. Nxd7 Qxd7 18. Ne5 Qe6 19. a4 Rac8 20. Re1 f6 21. Nd3 Qf5 22. Re2 Rc7 23. Nf4 g5 24. Nd3 Rce7 25. Nc5 Qc8 26. Nd3 Kg7 27. Rae1 Qf5 28. Nc5 Qc8 29. Nd3 Qc7 30. Rc1 Qd7 31. Rce1 Qg4 32. Nc5 Qh5 33. Qb1 f5 34. Nd3 Nc4 35. Nb2 Nd6 36. Nd3 Nc4 37. Nb2 Nxb2 38. Qxb2 f4 39. f3 Rxe3 40. Rxe3 Rxe3 41. Rxe3 fxe3 42. Qe2 Qe8 43. Kf1 Qe7 44. Qb2 Qd6 45. g3 g4 46. fxg4 Qf6+ 47. Kg2 Qg6 48. Qe2 Qe4+ 49. Qf3 Qxd4 50. Qf4 Qxf4 51. gxf4 a5 52. bxa5 c5 53. Kf3 d4 54. Ke2 c4 55. h4 Kf6 56. h5 h6 57. a6 bxa6 58. a5 Kg7 59. g5 hxg5 60. fxg5 Kh7  0-1

[Event "BL 0607 SC Bann - SV Mülheim Nord"]
[Site "?"]
[Date "2007.02.25"]
[Round "11.8"]
[White "Cernousek, Lukas"]
[Black "Wegener, Olaf"]
[Result "1-0"]
[BlackElo "2404"]
[EventDate "2007.??.??"]
[PlyCount "87"]
[WhiteElo "2408"]

1. d4 Nf6 2. Nf3 e6 3. e3 c5 4. Bd3 Be7 5. O-O O-O 6. c4 cxd4 7. exd4 d5 8. cxd5 Nxd5 9. Re1 Bd7 10. Nc3 Bc6 11. a3 Nd7 12. Bc2 Re8 13. Qd3 Nf8 14. Ne5 Rc8 15. Ne4 Qc7 16. b4 a6 17. Nc5 Bd6 18. Nxc6 Qxc6 19. Bb2 Qc7 20. Ba4 Red8 21. g3 a5 22. Rac1 Qb6 23. bxa5 Qxa5 24. Nxb7 Qxa4 25. Rxc8 Rxc8 26. Nxd6 Rb8 27. Re2 Nd7 28. Ne4 Rc8 29. Nc5 Nxc5 30. Rc2 h5 31. Rxc5 Rb8 32. Qc2 Qa8 33. h4 Qb7 34. a4 Qa6 35. Ba3 g6 36. Rc6 Qa5 37. Kg2 Qa8 38. Kh2 Kg7 39. Bd6 Nb4 40. Bxb4 Rxb4 41. d5 e5 42. Qc5 Rxa4 43. Qe7 Qf8 44. Rxg6+  1-0

[Event "BL 0607 Bindl-Aktionär - SC Remagen"]
[Site "?"]
[Date "2007.02.25"]
[Round "11.4"]
[White "Baramidze, David"]
[Black "Popovic, Petar"]
[Result "1-0"]
[BlackElo "2483"]
[EventDate "2007.??.??"]
[PlyCount "59"]
[WhiteElo "2585"]

1. e4 c5 2. Nf3 d6 3. d4 cxd4 4. Nxd4 Nf6 5. Nc3 a6 6. Be3 e5 7. Nb3 Be6 8. f3 Be7 9. Qd2 O-O 10. O-O-O a5 11. Qe1 Na6 12. Kb1 Qc7 13. Qf2 Rfc8 14. Nb5 Qd7 15. Na7 Rxa7 16. Bxa7 Nb4 17. Rd2 Qa4 18. a3 Nc6 19. Bb6 Nd7 20. Be2 Bxb3 21. cxb3 Qxb3 22. Be3 Nc5 23. Rc1 b5 24. Rc3 Qe6 25. Bxb5 Nd4 26. Bxd4 exd4 27. Qxd4 Rb8 28. Bc4 Qg6 29. Qd5 h6 30. Rcc2  1-0

[Event "BL 0607 Bindl-Aktionär - SC Remagen"]
[Site "?"]
[Date "2007.02.25"]
[Round "11.5"]
[White "Bindrich, Falko"]
[Black "Bischoff, Klaus"]
[Result "1-0"]
[BlackElo "2533"]
[EventDate "2007.??.??"]
[PlyCount "83"]
[WhiteElo "2482"]

1. e4 e6 2. d4 d5 3. Nc3 Nf6 4. Bg5 Be7 5. e5 Nfd7 6. Bxe7 Qxe7 7. f4 a6 8. Nf3 Nb6 9. Bd3 Bd7 10. O-O Nc6 11. Kh1 f6 12. a3 fxe5 13. fxe5 O-O-O 14. Qd2 Rdf8 15. Ne2 Be8 16. Rf2 g5 17. Raf1 h6 18. Qe3 Qg7 19. Nd2 Rxf2 20. Qxf2 Na4 21. b3 Nb2 22. Nc1 Nxd3 23. Nxd3 b6 24. Nb4 Nb8 25. c4 a5 26. Na2 Bc6 27. Nc3 Rd8 28. Qe3 Qe7 29. a4 Bb7 30. Nb5 Nc6 31. Rc1 dxc4 32. bxc4 Kb8 33. c5 Nb4 34. Nc4 Nd5 35. Qb3 Rf8 36. cxb6 cxb6 37. Nbd6 Nb4 38. Ne3 Rf4 39. Qc4 Bc6 40. Nc2 Qf8 41. Nxb4 axb4 42. Kg1  1-0

[Event "BL 0607 Bindl-Aktionär - SC Remagen"]
[Site "?"]
[Date "2007.02.25"]
[Round "11.6"]
[White "Stohl, Igor Dr"]
[Black "Mainka, Romuald"]
[Result "1/2-1/2"]
[BlackElo "2485"]
[EventDate "2007.??.??"]
[PlyCount "23"]
[WhiteElo "2551"]

1. d4 d5 2. c4 dxc4 3. e3 Nf6 4. Bxc4 e6 5. Nf3 c5 6. O-O a6 7. b3 Nc6 8. Bb2 cxd4 9. Nxd4 Bd7 10. Nd2 Be7 11. Be2 O-O 12. Bf3  1/2-1/2

[Event "BL 0607 Bindl-Aktionär - SC Remagen"]
[Site "?"]
[Date "2007.02.25"]
[Round "11.7"]
[White "Boidman, Yuri"]
[Black "Bezold, Michael"]
[Result "1/2-1/2"]
[BlackElo "2535"]
[EventDate "2007.??.??"]
[PlyCount "61"]
[WhiteElo "2438"]

1. e4 c6 2. c4 e5 3. Nf3 d6 4. d4 Bg4 5. dxe5 Bxf3 6. gxf3 Qa5+ 7. Bd2 Qxe5 8. Nc3 g6 9. Nd5 cxd5 10. Bc3 Qf4 11. Bxh8 dxe4 12. Qb3 Nd7 13. Qxb7 Rb8 14. Qxe4+ Qxe4+ 15. fxe4 f6 16. O-O-O Bh6+ 17. Kb1 Bf4 18. c5 Nxc5 19. Bc4 Ke7 20. f3 Nh6 21. Bg7 Nf7 22. Rd5 Ne6 23. Ra5 Be3 24. Bxe6 Kxe6 25. f4 Rg8 26. f5+ Ke7 27. Rb5 Rxg7 28. Rb7+ Kf8 29. Rb8+ Ke7 30. Rb7+ Kf8 31. Rb8+  1/2-1/2

[Event "BL 0607 Bindl-Aktionär - SC Remagen"]
[Site "?"]
[Date "2007.02.25"]
[Round "11.8"]
[White "Markos, Jan"]
[Black "Schulz, Klaus-Juergen"]
[Result "0-1"]
[BlackElo "2393"]
[EventDate "2007.??.??"]
[PlyCount "142"]
[WhiteElo "2538"]

1. d4 d5 2. c4 dxc4 3. Nf3 Nf6 4. Nc3 a6 5. e4 b5 6. e5 Nd5 7. a4 Nb4 8. Be2 Bf5 9. O-O Nc2 10. Ra2 Nb4 11. Ra3 Nc2 12. Nh4 Bd3 13. Bxd3 cxd3 14. e6 fxe6 15. Qh5+ g6 16. Nxg6 hxg6 17. Qxh8 b4 18. Bh6 Kd7 19. Rb3 bxc3 20. Bxf8 Nc6 21. d5 N6d4 22. dxe6+ Kxe6 23. Qg8+ Kd7 24. Rd1 Nxb3 25. Rxd3+ Nbd4 26. bxc3 Rb8 27. Qa2 Ke8 28. cxd4 Nb4 29. Qg8 Nxd3 30. Bg7+ Kd7 31. Qd5+ Ke8 32. Qg8+ Kd7 33. Qd5+ Kc8 34. Qe6+ Kb7 35. Qb3+ Ka7 36. Qxd3 Qg8 37. Be5 Qb3 38. Qxb3 Rxb3 39. h4 Kb7 40. g4 Kc6 41. Kg2 Kd5 42. h5 gxh5 43. gxh5 Rb6 44. Bg7 Ke6 45. Be5 Kf5 46. Bxc7 Rb4 47. d5 Rxa4 48. Bd8 Rd4 49. Bxe7 Rxd5 50. Kf3 a5 51. h6 Kg6 52. Ke4 Rd1 53. Bf8 Rd8 54. Bc5 a4 55. f4 Kxh6 56. Ke5 Rc8 57. Ba3 Rc3 58. Bf8+ Kg6 59. Kd4 Rc8 60. Ba3 Kf5 61. Kd3 Kxf4 62. Bb2 Kf5 63. Ba3 Ke6 64. Bb2 Kd5 65. Ba3 Rc6 66. Bf8 Rf6 67. Bb4 Rf3+ 68. Kc2 Kc4 69. Be1 Rf1 70. Bg3 Rg1 71. Bf4 Rg2+  0-1

[Event "BL 0607 SF Berlin - SG Köln Porz"]
[Site "?"]
[Date "2007.02.25"]
[Round "11.2"]
[White "Thiede, Lars"]
[Black "Lutz, Christopher"]
[Result "1/2-1/2"]
[BlackElo "2580"]
[EventDate "2007.??.??"]
[PlyCount "51"]
[WhiteElo "2504"]

1. g3 d5 2. Bg2 e5 3. d3 Nf6 4. Nf3 Bd6 5. O-O O-O 6. Nc3 c6 7. e4 dxe4 8. Nxe4 Nxe4 9. dxe4 Na6 10. Qe2 Re8 11. Rd1 Qc7 12. a4 Bg4 13. h3 Bh5 14. g4 Bg6 15. Nh4 Nc5 16. Nf5 Bf8 17. h4 Ne6 18. h5 Nf4 19. Qf3 Bxf5 20. gxf5 Rad8 21. Be3 Rxd1+ 22. Rxd1 Rd8 23. Bf1 Rxd1 24. Qxd1 b6 25. Bc4 Qe7 26. Bxf4  1/2-1/2

[Event "BL 0607 SF Berlin - SG Köln Porz"]
[Site "?"]
[Date "2007.02.25"]
[Round "11.5"]
[White "Graf, Alexander"]
[Black "Kraemer, Martin"]
[Result "1-0"]
[BlackElo "2435"]
[EventDate "2007.??.??"]
[PlyCount "75"]
[WhiteElo "2601"]

1. d4 d5 2. c4 c6 3. Nf3 Nf6 4. Nc3 e6 5. Bg5 h6 6. Bxf6 Qxf6 7. e3 Nd7 8. Bd3 dxc4 9. Bxc4 g6 10. O-O Bg7 11. e4 O-O 12. e5 Qe7 13. Qe2 b5 14. Bd3 b4 15. Na4 c5 16. Rac1 cxd4 17. Qe4 Rb8 18. Rc7 Qd8 19. Rfc1 Nb6 20. Nxb6 axb6 21. Ra7 Qd5 22. Rcc7 Qxe4 23. Bxe4 Bh8 24. g3 b5 25. Nxd4 Bxe5 26. Nc6 Bxc7 27. Rxc7 Rb6 28. Ne7+ Kg7 29. Nxc8 Ra6 30. b3 Rxa2 31. Nd6 Rb2 32. Bc2 Kg8 33. Kf1 Rd8 34. Nxf7 Rd2 35. Nxh6+ Kf8 36. Rf7+ Ke8 37. Bxg6 Kd8 38. Rf3  1-0

[Event "BL 0607 SF Berlin - SG Köln Porz"]
[Site "?"]
[Date "2007.02.25"]
[Round "11.6"]
[White "Schneider, Ilja"]
[Black "Sakaev, Konstantin"]
[Result "0-1"]
[BlackElo "2641"]
[EventDate "2007.??.??"]
[PlyCount "186"]
[WhiteElo "2368"]

1. e4 c6 2. d4 d5 3. e5 Bf5 4. h4 a6 5. g4 Bd7 6. Bg2 e6 7. f4 h5 8. g5 Ne7 9. Nf3 c5 10. c3 Nf5 11. Kf2 Nc6 12. Bh3 Qb6 13. Bxf5 exf5 14. g6 fxg6 15. Rg1 Nd8 16. Qb3 Qc6 17. e6 Bxe6 18. Ne5 Qc7 19. Nxg6 c4 20. Qa4+ b5 21. Qd1 Rh6 22. a4 bxa4 23. Qxa4+ Kf7 24. Nxf8 Kxf8 25. Nd2 Nf7 26. Nf3 Nd6 27. Ne5 Ne4+ 28. Kf3 Kg8 29. Be3 Qe7 30. Rg2 Nf6 31. Rg5 Qb7 32. Qa3 Ng4 33. Re1 Kh7 34. Bc1 a5 35. Kg3 Nf6 36. Kf3 Ng4 37. Kg3 Nf6 38. Kf3 a4 39. Ng6 Rxg6 40. Rxe6 Qb3 41. Qxb3 axb3 42. Ke2 Re8 43. Rxe8 Nxe8 44. Rxg6 Kxg6 45. Bd2 Nd6 46. Kf3 Kf7 47. Kg2 Ne4 48. Be1 Kf6 49. Kh2 Ke6 50. Kg2 Nf6 51. Kf3 Kf7 52. Kg2 Ne4 53. Kh2 g5 54. hxg5 Kg6 55. Kh3 Nd6 56. Bd2 Nc8 57. Kh4 Nb6 58. Kh3 Nd7 59. Kh4 Nf8 60. Bc1 Ne6 61. Bd2 Nc7 62. Be3 Nb5 63. Bc1 Nd6 64. Bd2 Ne4 65. Be1 Kh7 66. Kxh5 Kg7 67. Kh4 Kg6 68. Kh3 Kh5 69. Kg2 Kg4 70. g6 Nf6 71. Bg3 Nh5 72. Bh2 Ng7 73. Bg3 Ne6 74. Bh2 Kh5 75. Kg3 Kxg6 76. Bg1 Kh5 77. Be3 Nd8 78. Kh3 Nf7 79. Bc1 Nh6 80. Kg3 Ng4 81. Bd2 Kg6 82. Kf3 Kh6 83. Kg2 Nf6 84. Be1 Ne4 85. Kh2 Nd6 86. Bd2 Nb5 87. Bc1 Nc7 88. Bd2 Ne8 89. Be1 Ng7 90. Bd2 Kg6 91. Kg3 Nh5+ 92. Kh3 Nf6 93. Be1 Ng4  0-1

[Event "BL 0607 SF Berlin - SG Köln Porz"]
[Site "?"]
[Date "2007.02.25"]
[Round "11.7"]
[White "Korneev, Oleg"]
[Black "Thinius, Marco"]
[Result "1-0"]
[BlackElo "2372"]
[EventDate "2007.??.??"]
[PlyCount "81"]
[WhiteElo "2657"]

1. e4 e5 2. Nf3 Nc6 3. Bb5 a6 4. Ba4 Nf6 5. O-O Be7 6. Re1 b5 7. Bb3 d6 8. c3 O-O 9. h3 Na5 10. Bc2 c5 11. d4 Qc7 12. Nbd2 cxd4 13. cxd4 Rd8 14. b3 Nc6 15. Bb2 Bb7 16. Rc1 Qb6 17. d5 Nb4 18. Bb1 a5 19. Qe2 Rdc8 20. Nf1 Na6 21. Ng3 Nc5 22. Nf5 Bf8 23. Qd2 Qd8 24. Nh2 Nh5 25. Ng4 Nf4 26. Rc3 h5 27. Rg3 hxg4 28. Rxg4 Rc7 29. Rxf4 exf4 30. Qxf4 Nd7 31. Nxd6 Bxd6 32. Qxd6 Nf6 33. Qg3 Rac8 34. d6 Rc2 35. Bxf6 Qxf6 36. d7 R8c3 37. Qb8+ Kh7 38. Bxc2 Rxc2 39. Rf1 Rd2 40. Qxb7 Qe7 41. Qxb5  1-0

[Event "BL 0607 SF Berlin - SG Köln Porz"]
[Site "?"]
[Date "2007.02.25"]
[Round "11.8"]
[White "Rudolf, Henrik"]
[Black "Hansen, Curt"]
[Result "1/2-1/2"]
[BlackElo "2621"]
[EventDate "2007.??.??"]
[PlyCount "103"]
[WhiteElo "2327"]

1. e4 c6 2. d4 d5 3. exd5 cxd5 4. c4 Nf6 5. Nc3 g6 6. Qb3 Bg7 7. cxd5 O-O 8. Be2 Nbd7 9. Bf3 Nb6 10. Bf4 Bf5 11. Rd1 Qd7 12. h3 h5 13. Nge2 Rfd8 14. d6 exd6 15. O-O d5 16. Bg5 Bg4 17. hxg4 hxg4 18. Bxd5 Nbxd5 19. Nf4 Nxc3 20. bxc3 Qf5 21. Bxf6 Bxf6 22. Nd3 Rac8 23. Qxb7 Rxc3 24. Ne5 Bg5 25. g3 Kg7 26. Qb1 Bf6 27. Qb7 Bxe5 28. dxe5 Rh8 29. e6 Qxe6 30. Qxa7 Rc4 31. Rd4 Qc6 32. f3 Rc1 33. Rdd1 Rxd1 34. Rxd1 Qxf3 35. Qd4+ f6 36. Qd7+ Kh6 37. Rd3 Qe4 38. Qd4 Qxd4+ 39. Rxd4 f5 40. a4 Rc8 41. a5 Rc1+ 42. Kf2 Ra1 43. Rd5 Ra3 44. Rb5 Kg5 45. Kg2 Ra2+ 46. Kg1 Ra4 47. Kg2 Kf6 48. Rb6+ Ke5 49. Rxg6 Ra2+ 50. Kg1 Ke4 51. Rb6 Rxa5 52. Rb4+  1/2-1/2

[Event "BL 0607 Solinger SG - Hamburger SK"]
[Site "?"]
[Date "2007.02.25"]
[Round "11.2"]
[White "Stellwagen, Daniel"]
[Black "Ftacnik, Lubomir Dr"]
[Result "1-0"]
[BlackElo "2580"]
[EventDate "2007.??.??"]
[PlyCount "63"]
[WhiteElo "2576"]

1. e4 c5 2. Nf3 d6 3. d4 Nf6 4. Nc3 cxd4 5. Nxd4 a6 6. Be2 e6 7. O-O Be7 8. f4 Qc7 9. a4 Nc6 10. Be3 O-O 11. Kh1 Re8 12. Bf3 Bf8 13. Nb3 b6 14. a5 bxa5 15. e5 dxe5 16. fxe5 Rd8 17. Nd4 Nxd4 18. Bxd4 Bb7 19. Bxb7 Qxb7 20. exf6 e5 21. fxg7 Bxg7 22. Ne2 Rac8 23. Ra3 exd4 24. Ng3 Be5 25. Rxa5 Bxg3 26. Rg5+ Kh8 27. Rxg3 Qxb2 28. Rxf7 Qb6 29. Rxh7+ Kxh7 30. Qd3+ Kh8 31. Rh3+ Kg8 32. Qh7+  1-0

[Event "BL 0607 Solinger SG - Hamburger SK"]
[Site "?"]
[Date "2007.02.25"]
[Round "11.5"]
[White "Mueller, Karsten Dr"]
[Black "Hoffmann, Michael"]
[Result "1-0"]
[BlackElo "2477"]
[EventDate "2007.??.??"]
[PlyCount "51"]
[WhiteElo "2500"]

1. e4 e5 2. Nf3 Nc6 3. Bc4 Bc5 4. O-O Nf6 5. d4 exd4 6. e5 d5 7. exf6 dxc4 8. fxg7 Rg8 9. Re1+ Be6 10. Bg5 Be7 11. Bxe7 Kxe7 12. Nbd2 Qd5 13. b3 cxb3 14. axb3 Rxg7 15. Ne4 Rag8 16. g3 b6 17. Ra4 Rd8 18. Qc1 f6 19. Qf4 Rf7 20. c4 Qd7 21. Ra2 d3 22. Rd2 a5 23. Qh4 Qe8 24. Re3 Qg8 25. Nc3 Kd7 26. Qe4  1-0

[Event "BL 0607 Solinger SG - Hamburger SK"]
[Site "?"]
[Date "2007.02.25"]
[Round "11.6"]
[White "Smeets, Jan"]
[Black "Reeh, Oliver"]
[Result "1-0"]
[BlackElo "2445"]
[EventDate "2007.??.??"]
[PlyCount "65"]
[WhiteElo "2525"]

1. e4 c5 2. Nf3 Nc6 3. d4 cxd4 4. Nxd4 g6 5. c4 Bg7 6. Be3 Nf6 7. Nc3 O-O 8. Be2 d6 9. O-O Nxd4 10. Bxd4 a5 11. Rc1 Be6 12. f4 a4 13. g4 Bd7 14. g5 Ne8 15. f5 Bc6 16. h4 Qa5 17. f6 exf6 18. gxf6 Bh6 19. Nd5 Bxd5 20. exd5 Qd2 21. Qxd2 Bxd2 22. Rcd1 Bb4 23. a3 Bc5 24. Bxc5 dxc5 25. d6 Ra6 26. d7 Nd6 27. Rd5 Rd8 28. Rxc5 Rc6 29. Rxc6 bxc6 30. Rd1 Nf5 31. Bf3 c5 32. Bc6 Nd4 33. Rxd4  1-0

[Event "BL 0607 Solinger SG - Hamburger SK"]
[Site "?"]
[Date "2007.02.25"]
[Round "11.7"]
[White "Heinemann, Thies"]
[Black "Gabriel, Christian"]
[Result "1-0"]
[BlackElo "2540"]
[EventDate "2007.??.??"]
[PlyCount "89"]
[WhiteElo "2453"]

1. e4 e5 2. Nf3 Nc6 3. Bb5 a6 4. Bxc6 dxc6 5. O-O f6 6. d4 exd4 7. Nxd4 c5 8. Ne2 Qxd1 9. Rxd1 Bd7 10. Nbc3 Ne7 11. Nf4 O-O-O 12. f3 Nc6 13. Be3 Bd6 14. Ncd5 Nd4 15. Rd2 Rhe8 16. c3 Ne6 17. Nb6+ cxb6 18. Rxd6 Nxf4 19. Bxf4 Bc6 20. Rad1 Rxd6 21. Bxd6 Rd8 22. Kf2 Rd7 23. Ke3 Kd8 24. g4 Ke8 25. f4 Kf7 26. h4 Ke6 27. f5+ Kf7 28. g5 Rd8 29. Kf4 Ba4 30. Rd2 Bc6 31. a3 b5 32. Rd1 b6 33. Rd3 Bb7 34. Rd1 Bc6 35. Rd2 Bb7 36. Rd3 Bc6 37. Ke3 Re8 38. e5 fxe5 39. Bc7 Re7 40. g6+ Kg8 41. Rd8+ Re8 42. Rd6 Bb7 43. Rxb6 Bc8 44. Ke4 Rf8 45. Bd6  1-0

[Event "BL 0607 Solinger SG - Hamburger SK"]
[Site "?"]
[Date "2007.02.25"]
[Round "11.8"]
[White "Ernst, Sipke"]
[Black "Sebastian, Dirk"]
[Result "0-1"]
[BlackElo "2384"]
[EventDate "2007.??.??"]
[PlyCount "124"]
[WhiteElo "2512"]

1. c4 g6 2. Nc3 Bg7 3. g3 e5 4. Bg2 Nc6 5. d3 d6 6. Rb1 f5 7. Nf3 Nf6 8. O-O O-O 9. b4 h6 10. b5 Ne7 11. Ba3 f4 12. c5 Nf5 13. cxd6 cxd6 14. b6 axb6 15. Qb3+ Kh8 16. Bc1 Ra6 17. e4 Nd4 18. Nxd4 exd4 19. Ne2 f3 20. Bxf3 Nd7 21. Bg2 Nc5 22. Qc2 Be6 23. a3 Qd7 24. Rb4 Rc8 25. Qb1 Na4 26. Nf4 Nc3 27. Qb2 Rc5 28. Nxg6+ Kh7 29. Nf4 b5 30. Nxe6 Qxe6 31. Bd2 Qc8 32. Bxc3 dxc3 33. Qc2 Kh8 34. Rb3 Bd4 35. Kh1 Qa8 36. Ra1 b4 37. Rxb4 Rxa3 38. Rxa3 Qxa3 39. Rb1 Qb2 40. Rc1 Qxc2 41. Rxc2 Rb5 42. Bf3 Rb2 43. Rc1 c2 44. Kg2 Bc3 45. e5 dxe5 46. Bxb7 Bd2 47. Rxc2 Rxc2 48. Kh3 Bc1 49. f3 Be3 50. Be4 Bg1 51. Kg4 Rxh2 52. Kf5 Bd4 53. Kg6 Kg8 54. g4 Kf8 55. Kf6 Rb2 56. g5 Rb6+ 57. Kf5 hxg5 58. Kxg5 Ke7 59. Kg4 Rf6 60. Bd5 Rf4+ 61. Kg5 Kd6 62. Bb7 Kc5  0-1

[Event "BL 0607 SV Wattenscheid - Werder Bremen"]
[Site "?"]
[Date "2007.02.25"]
[Round "11.2"]
[White "Rustemov, Alexander"]
[Black "Efimenko, Zahar"]
[Result "1/2-1/2"]
[BlackElo "2612"]
[EventDate "2007.??.??"]
[PlyCount "79"]
[WhiteElo "2552"]

1. d4 Nf6 2. Nf3 e6 3. e3 b6 4. Bd3 Bb7 5. O-O c5 6. c4 g6 7. Nc3 Bg7 8. d5 exd5 9. cxd5 Nxd5 10. Nxd5 Bxd5 11. Bxg6 hxg6 12. Qxd5 Nc6 13. e4 Qf6 14. Bg5 Qe6 15. Rad1 O-O 16. b3 Qxd5 17. Rxd5 Nb4 18. Rd2 Rfe8 19. a3 Nc6 20. Rxd7 Rxe4 21. Rfd1 Re2 22. R1d2 Rae8 23. Kf1 R2e6 24. g3 a6 25. R2d3 Nd4 26. b4 Nxf3 27. Rxf3 f6 28. Be3 c4 29. a4 f5 30. b5 axb5 31. axb5 Rc8 32. g4 fxg4 33. Rff7 Bf6 34. Rc7 Rxc7 35. Rxc7 c3 36. Rc6 Kf7 37. Ke2 Rxc6 38. bxc6 Ke6 39. Bxb6 Be5 40. Kd3  1/2-1/2

[Event "BL 0607 SV Wattenscheid - Werder Bremen"]
[Site "?"]
[Date "2007.02.25"]
[Round "11.3"]
[White "Areshchenko, Alexander"]
[Black "Johannessen, Leif Erlend"]
[Result "1-0"]
[BlackElo "2551"]
[EventDate "2007.??.??"]
[PlyCount "89"]
[WhiteElo "2640"]

1. e4 e5 2. Nf3 Nc6 3. Bc4 Bc5 4. c3 Nf6 5. d3 d6 6. O-O a6 7. Bb3 Ba7 8. Nbd2 O-O 9. h3 h6 10. Re1 Nh5 11. Nf1 Qf6 12. Be3 Nf4 13. d4 Ne7 14. N1h2 Neg6 15. Kh1 c5 16. d5 Qd8 17. a4 f5 18. Bc2 fxe4 19. Bxe4 Bf5 20. Qc2 Qd7 21. c4 Bxe4 22. Qxe4 Qf5 23. Qxf5 Rxf5 24. Ra3 e4 25. Nd2 Nd3 26. Rf1 Raf8 27. Nxe4 Nxb2 28. Nxd6 R5f6 29. Rb3 Rxd6 30. Rxb2 b6 31. Nf3 Rd7 32. Rfb1 Re8 33. a5 b5 34. cxb5 axb5 35. Rxb5 Rxd5 36. Rb7 Re7 37. a6 Rd6 38. Rxe7 Nxe7 39. Rb7 Nc6 40. Nd2 Rd3 41. Rc7 Rd6 42. g4 Re6 43. Kg2 g5 44. Nc4 Kf8 45. Na3  1-0

[Event "BL 0607 SV Wattenscheid - Werder Bremen"]
[Site "?"]
[Date "2007.02.25"]
[Round "11.4"]
[White "Bartel, Mateusz"]
[Black "Hracek, Zbynek"]
[Result "1/2-1/2"]
[BlackElo "2614"]
[EventDate "2007.??.??"]
[PlyCount "86"]
[WhiteElo "2569"]

1. d4 Nf6 2. Nf3 e6 3. Bf4 c5 4. e3 b6 5. Nbd2 Be7 6. c3 cxd4 7. exd4 O-O 8. h3 Ba6 9. Bxa6 Nxa6 10. a4 Nb8 11. O-O Nc6 12. Qe2 Qc8 13. Rfc1 Qb7 14. Bg5 Rfc8 15. Qd3 Nd5 16. Ne4 Bf8 17. Bd2 a6 18. b3 h6 19. Ng3 Nf6 20. c4 d5 21. Bf4 Rd8 22. Qe3 Rac8 23. Be5 Nxe5 24. Nxe5 Qb8 25. a5 dxc4 26. bxc4 bxa5 27. Ne4 Nxe4 28. Qxe4 Qd6 29. Nf3 Qc6 30. Qxc6 Rxc6 31. Rxa5 Bb4 32. Ra2 f6 33. Kf1 Kf7 34. Ke2 a5 35. Ke3 Rdc8 36. Kd3 Rd8 37. Ke4 Rdc8 38. Kd3 Rd8 39. Ke4 Rdc8 40. Kd3 Rd8 41. Ke4 g5 42. c5 Kg6 43. g4 Rc7  1/2-1/2

[Event "BL 0607 SV Wattenscheid - Werder Bremen"]
[Site "?"]
[Date "2007.02.25"]
[Round "11.5"]
[White "Pelletier, Yannick"]
[Black "Holzke, Frank Dr"]
[Result "1-0"]
[BlackElo "2461"]
[EventDate "2007.??.??"]
[PlyCount "73"]
[WhiteElo "2588"]

1. Nf3 Nf6 2. c4 c6 3. Nc3 d5 4. d4 dxc4 5. a4 Bf5 6. e3 e6 7. Bxc4 Bb4 8. O-O O-O 9. Nh4 Nbd7 10. Nxf5 exf5 11. Qc2 g6 12. f3 a5 13. Qf2 Qc7 14. e4 fxe4 15. fxe4 Bxc3 16. bxc3 Nxe4 17. Bxf7+ Kg7 18. Qh4 Rxf7 19. Bh6+ Kg8 20. Rxf7 Kxf7 21. Qxe4 Qd6 22. Rf1+ Kg8 23. c4 Nf8 24. d5 cxd5 25. cxd5 Nd7 26. h3 Rc8 27. Kh1 Ra8 28. Qd4 Qe5 29. Qf2 Qf5 30. Qe2 Qe5 31. Qb5 Qd6 32. Qxb7 Rd8 33. Qc6 Qxc6 34. dxc6 Nb6 35. c7 Rc8 36. Rb1 Nd7 37. Bf4  1-0

[Event "BL 0607 SV Wattenscheid - Werder Bremen"]
[Site "?"]
[Date "2007.02.25"]
[Round "11.6"]
[White "Handke, Florian"]
[Black "Nyback, Tomi"]
[Result "0-1"]
[BlackElo "2575"]
[EventDate "2007.??.??"]
[PlyCount "138"]
[WhiteElo "2459"]

1. e4 e5 2. Nf3 Nc6 3. Bb5 a6 4. Ba4 Nf6 5. O-O Be7 6. Re1 b5 7. Bb3 O-O 8. d3 d6 9. a3 Na5 10. Ba2 c5 11. Nc3 Be6 12. Nd5 Nc6 13. c3 Nb8 14. b4 Nbd7 15. Ne3 Bxa2 16. Rxa2 g6 17. Bd2 Qc7 18. c4 Qb7 19. Qa1 Rfc8 20. Rb1 Qc6 21. Rab2 cxb4 22. Bxb4 Nc5 23. Bxc5 Qxc5 24. Rc2 bxc4 25. Rxc4 Qa5 26. Rb7 Rxc4 27. Nxc4 Qd8 28. Qb1 Nd7 29. Nb6 Nxb6 30. Rxb6 Rc8 31. g3 Rc1+ 32. Qxc1 Qxb6 33. a4 Kg7 34. Qc4 Qb7 35. Kg2 Bd8 36. h4 h5 37. Nd2 Bb6 38. Qb4 Qc6 39. Nc4 Bc5 40. Qb3 Qc7 41. Qc3 Bd4 42. Qa5 Qxa5 43. Nxa5 Kf6 44. Nc6 Bc3 45. f4 Ke6 46. Nb8 a5 47. Kf3 Bd2 48. Ke2 Bc3 49. Kf3 exf4 50. Kxf4 Be5+ 51. Kf3 d5 52. Nc6 dxe4+ 53. dxe4 Bc3 54. Na7 Kd7 55. Kf4 f6 56. g4 Be5+ 57. Kf3 Kc7 58. g5 fxg5 59. hxg5 Kb7 60. Nb5 Kb6 61. Na3 Kc5 62. Nb5 Kb4 63. Na7 Kxa4 64. Nc6 Bg7 65. Ne7 Kb5 66. Nxg6 a4 67. e5 a3 68. e6 Kc6 69. Ne7+ Kd6  0-1

[Event "BL 0607 SV Wattenscheid - Werder Bremen"]
[Site "?"]
[Date "2007.02.25"]
[Round "11.7"]
[White "Fish, Gennadij"]
[Black "Dinstuhl, Volkmar Dr"]
[Result "1-0"]
[BlackElo "2426"]
[EventDate "2007.??.??"]
[PlyCount "103"]
[WhiteElo "2529"]

1. d4 Nf6 2. c4 e6 3. Nc3 Bb4 4. e3 c5 5. Bd3 O-O 6. Ne2 d5 7. O-O cxd4 8. exd4 dxc4 9. Bxc4 Nc6 10. Bg5 Be7 11. Rc1 b6 12. a3 Bb7 13. Qd3 Rc8 14. Ba2 Ne5 15. Qb5 Ng6 16. Rfd1 Qd6 17. Bxf6 Bxf6 18. d5 exd5 19. Bxd5 Bxd5 20. Rxd5 Qc6 21. Qxc6 Rxc6 22. Rcd1 Re8 23. g3 Nf8 24. Nd4 Bxd4 25. R5xd4 g6 26. Rd8 Rc8 27. Rxe8 Rxe8 28. Kg2 Kg7 29. Kf3 Re7 30. h4 h5 31. Nd5 Re5 32. Rd2 Nh7 33. b4 Re1 34. Rd3 Nf6 35. Nxf6 Kxf6 36. Rd7 a5 37. Rd6+ Kg7 38. bxa5 bxa5 39. Rd5 Ra1 40. Rxa5 Ra2 41. Ke3 Kf6 42. f3 Rg2 43. Kf4 Re2 44. Ra6+ Kg7 45. Rd6 Ra2 46. Rd3 Kf6 47. Re3 Ra1 48. Ke4 Rg1 49. f4 Ra1 50. Kd4 Kf5 51. Kc4 Kg4 52. Kb4  1-0

[Event "BL 0607 SV Wattenscheid - Werder Bremen"]
[Site "?"]
[Date "2007.02.25"]
[Round "11.8"]
[White "Straeter, Timo"]
[Black "Schandorff, Lars"]
[Result "0-1"]
[BlackElo "2534"]
[EventDate "2007.??.??"]
[PlyCount "110"]
[WhiteElo "2345"]

1. d4 Nf6 2. c4 e6 3. Nf3 d5 4. e3 c5 5. Nc3 a6 6. a3 dxc4 7. Bxc4 b5 8. Bd3 Bb7 9. dxc5 Bxc5 10. O-O Nbd7 11. e4 Qb8 12. Qe2 Bd6 13. h3 O-O 14. Bc2 Rc8 15. Bd2 Nb6 16. Rad1 Nc4 17. Bc1 Bf4 18. Bd3 Nxa3 19. bxa3 Rxc3 20. Bb2 Rc8 21. g3 Bc7 22. Ng5 e5 23. Bb1 h6 24. Nf3 Re8 25. Nh4 Bc8 26. g4 Nh7 27. Nf5 Ng5 28. Kh2 Ne6 29. Rg1 Qb6 30. Rg3 Nd4 31. Qe3 Nxf5 32. gxf5 Qxe3 33. fxe3 f6 34. Ba2+ Kh8 35. Rc1 Bd6 36. Bd5 Ra7 37. Rc6 Rd8 38. Rg2 Bb7 39. Rc1 Bxd5 40. exd5 e4+ 41. Kg1 Rc7 42. Rgc2 Rxc2 43. Rxc2 Be7 44. Rd2 Bc5 45. Kf2 Kg8 46. Ke2 Kf7 47. Rd1 Rd7 48. Rd2 Ke7 49. Rd1 Kd6 50. Rd2 Rc7 51. Rd1 Bb6 52. Bd4 Rc2+ 53. Kf1 Bxd4 54. Rxd4 Rc4 55. Rd2 Rc3  0-1

[Event "BL 0607 TV Tegernsee - SC Kreuzberg"]
[Site "?"]
[Date "2007.02.24"]
[Round "10.5"]
[White "Tischbierek, Raj"]
[Black "Boensch, Uwe"]
[Result "1/2-1/2"]
[BlackElo "2524"]
[EventDate "2007.??.??"]
[PlyCount "52"]
[WhiteElo "2486"]

1. e4 c5 2. Nc3 d6 3. g3 Nc6 4. Bg2 g6 5. d3 Bg7 6. f4 e6 7. Nf3 Nge7 8. O-O O-O 9. Be3 Nd4 10. Bf2 e5 11. Nxd4 cxd4 12. Ne2 Bg4 13. h3 Bxe2 14. Qxe2 Rc8 15. Rab1 Qc7 16. c4 dxc3 17. bxc3 exf4 18. gxf4 Qxc3 19. Rxb7 Nc6 20. Kh2 Nd4 21. Qd1 Qa3 22. Qb1 Rc3 23. Rd1 Rfc8 24. Qb4 a5 25. Qxa3 Rxa3 26. e5 dxe5  1/2-1/2